| 000 | 00551 a2200181 4500 | ||
|---|---|---|---|
| 003 | Nust | ||
| 005 | 20220727145237.0 | ||
| 020 | _a0672227614 | ||
| 040 | _cNust | ||
| 082 | _a004.56,JAM | ||
| 100 | _aJamsa , kris | ||
| 245 |
_aHard Disk Power : _bWith The Jamsa Disk Utilities / _cKris Jamsa |
||
| 260 |
_aUsa _bHoward W Sams & Co _c1990 |
||
| 300 | _axxiii,454p | ||
| 505 | _aPart-1 : Hard Disk Power (Page-3), Part-2 :Installing and Using the Jamsa Disk Utilities (Page-263). | ||
| 650 |
_aHard Disk power _995530 |
||
| 942 |
_2ddc _cBK _k004.56,JAM |
||
| 999 |
_c176329 _d176329 |
||